| 000 | 01995nam a22002657a 4500 | ||
|---|---|---|---|
| 003 | Uzh_bibl | ||
| 008 | 260514b |||||||| |||| 00| 0 ukr d | ||
| 020 |
_a978-966-8853-77-7 _c120.00 |
||
| 040 | _bукр. | ||
| 041 |
_2nor _aukr |
||
| 080 | _a101 | ||
| 090 |
_a101 _bҐ 68 |
||
| 100 | _aҐордер,Юстейн | ||
| 245 |
_aСвіт Софії _cПерекл. з норвезької Наталія Іваничук _hТекст |
||
| 260 |
_aЛьвів _bЛітопис _c2019 |
||
| 300 |
_a536 с. _fВ опр. |
||
| 490 | _v3-е видання | ||
| 520 | _aСвіт Софії» – це роман про історію філософії. Головна героїня – чотирнадцятирічна дівчинка Софія знаходить у поштовій скриньці листа від загадкового філософа, в якому лише два запитання «Хто ти?» і «Звідки взявся світ?». Саме ці питання завжди цікавили людство. З них і почалася мандрівка дівчинки у світ філософії, починаючи від мислителів Стародавньої Греції і аж до філософів сучасності. Захоплююча мандрівка інтелекту і уяви дає чудову нагоду читачеві різного віку подорожувати слідами великих мислителів, відкриваючи таємниці загадкового та багатозначного світу Софії, Світу Мудрості. | ||
| 521 | _aДля широкого кола читачів | ||
| 546 | _aукр. | ||
| 650 | _aЛітературно-художнє видання | ||
| 653 |
_aДівчинка _aФілософія _aМандрівка |
||
| 655 |
_aПригоди _vРоман про історію філософії |
||
| 942 |
_2udc _cBK |
||
| 999 |
_c17759 _d17759 |
||